000
00280nam a2200109Ia 4500
005
20251222152607.0
008
251222s9999||||xx |||||||||||||| ||spa||
082
_a
985.009.3/G24
100
_a
Garcilazo de la Vega, Inca
245
0
_a
Comentarios Reales de los Incas I
942
_c
LIB
999
_c
26834
_d
26834